[Event "IIFL Wealth 4th Mumbai GM"]
[Site "Mumbai"]
[Date "2018.12.30"]
[Round "1"]
[White "Pranesh M"]
[Black "Raahul V S"]
[Result "1-0"]
[WhiteElo "2125"]
[BlackElo "2381"]
[Annotator "NA"]
[PlyCount "117"]
[EventDate "2018.12.30"]
[EventType "swiss"]
[EventCountry "IND"]
[SourceTitle "playchess.com"]
[Source "ChessBase"]
[SourceQuality "1"]
[TimeControl "40/5400+30:1800+30"]

1. e4 {[%emt 0:00:00]} e5 {[%emt 0:00:00]} 2. Nf3 {[%emt 0:00:00]} Nc6 {[%emt 0:00:00]} 3. d4 {[%emt 0:00:00]} exd4 {[%emt 0:00:00]} 4. Bc4 {[%emt 0:00:00]} Nf6 {[%emt 0:00:03]} 5. O-O {[%emt 0:00:00]} Nxe4 {[%emt 0:00:11]} 6. Re1 {[%emt 0:00:00]} d5 {[%emt 0:00:01]} 7. Bxd5 {[%emt 0:00:00]} Qxd5 {[%emt 0:00:02]} 8. Nc3 {[%emt 0:00:00]} Qh5 {[%emt 0:00:32]} 9. Nxe4 {[%emt 0:00:00]} Be6 {[%emt 0:00:02]} 10. Bg5 {[%emt 0:00:11]} Bb4 {[%emt 0:03:01]} 11. Nxd4 {[%emt 0:01:22]} Qxd1 {[%emt 0:00:14]} 12. Rexd1 {[%emt 0:00:06]} Nxd4 {[%emt 0:00:12]} 13. Rxd4 {[%emt 0:00:04]} Ba5 {[%emt 0:00:02]} 14. Nc5 {[%emt 0:00:25]} Bb6 {[%emt 0:02:15]} 15. Nxe6 {[%emt 0:00:05]} fxe6 {[%emt 0:00:03]} 16. Rd2 {[%emt 0:01:20]} h6 {[%emt 0:00:55]} 17. Bh4 {[%emt 0:00:46]} O-O {[%emt 0:00:06]} 18. Re1 {[%emt 0:00:14]} g5 {[%emt 0:00:54]} 19. Bg3 {[%emt 0:00:07]} Rad8 {[%emt 0:00:02]} 20. Red1 {[%emt 0:02:01]} c6 {[%emt 0:10:01]} 21. Rxd8 {[%emt 0:01:14]} Rxd8 {[%emt 0:00:11]} 22. Rxd8+ {[%emt 0:00:07]} Bxd8 {[%emt 0:00:01]} 23. f3 {[%emt 0:00:37]} Kf7 {[%emt 0:00:27]} 24. Kf2 {[%emt 0:03:59]} Kg6 {[%emt 0:01:17]} 25. Bd6 {[%emt 0:00:41]} Kf5 {[%emt 0:02:13]} 26. g4+ {[%emt 0:00:18]} Kf6 {[%emt 0:00:04]} 27. Ke3 {[%emt 0:00:08]} Ba5 {[%emt 0:04:31]} 28. b4 {[%emt 0:00:10]} Bb6+ {[%emt 0:00:17]} 29. Ke4 {[%emt 0:00:02]} a5 {[%emt 0:02:34]} 30. a3 {[%emt 0:01:07]} a4 {[%emt 0:04:08]} 31. c4 {[%emt 0:00:25]} Bf2 {[%emt 0:02:18]} 32. c5 {[%emt 0:00:02]} Be1 {[%emt 0:00:00]} 33. Be5+ {[%emt 0:00:11]} Kf7 {[%emt 0:00:00]} 34. Kd3 {[%emt 0:00:34]} Kg6 {[%emt 0:01:01]} 35. h3 {[%emt 0:00:55]} h5 36. Kc4 hxg4 {[%emt 0:04:23]} 37. hxg4 {[%emt 0:00:34]} Kf7 {[%emt 0:00:14]} 38. b5 {[%emt 0:00:55]} Ke7 {[%emt 0:00:38]} 39. bxc6 {[%emt 0:00:31]} bxc6 {[%emt 0:00:01]} 40. Bc3 {[%emt 0:00:00]} Bf2 {[%emt 0:00:00]} 41. Kb4 {[%emt 0:01:12]} Kf7 {[%emt 0:00:53]} 42. Be5 {[%emt 0:00:20]} Be3 {[%emt 0:00:36]} 43. Bd6 {[%emt 0:00:23]} e5 {[%emt 0:00:05]} 44. Bxe5 {[%emt 0:01:08]} Ke6 {[%emt 0:00:22]} 45. Bd6 {[%emt 0:00:08]} Kd5 {[%emt 0:00:05]} 46. Kxa4 {[%emt 0:00:10]} Kc4 {[%emt 0:00:14]} 47. Ka5 {[%emt 0:01:32]} Bxc5 {[%emt 0:00:26]} 48. Bxc5 {[%emt 0:00:15]} Kxc5 {[%emt 0:00:01]} 49. a4 {[%emt 0:00:00]} Kd4 {[%emt 0:00:02]} 50. Kb6 {[%emt 0:00:19]} c5 {[%emt 0:00:01]} 51. a5 {[%emt 0:00:00]} c4 {[%emt 0:00:01]} 52. a6 {[%emt 0:00:01]} c3 {[%emt 0:00:01]} 53. a7 {[%emt 0:00:01]} c2 {[%emt 0:00:01]} 54. a8=Q {[%emt 0:00:01]} c1=Q {[%emt 0:00:18]} 55. Qe4+ {[%emt 0:00:17]} Kc3 {[%emt 0:00:10]} 56. Qc6+ {[%emt 0:00:09]} Kd2 {[%emt 0:00:10]} 57. Qxc1+ {[%emt 0:00:04]} Kxc1 {[%emt 0:00:03]} 58. Kc5 {[%emt 0:00:05]} Kd2 {[%emt 0:00:10]} 59. Kd4 {[%emt 0:00:04]} 1-0

[Event "IIFL Wealth 4th Mumbai GM"]
[Site "Mumbai"]
[Date "2018.12.30"]
[Round "1"]
[White "Tarun Kanyamarala"]
[Black "Sammed Jaykumar, Shete"]
[Result "0-1"]
[WhiteElo "2120"]
[BlackElo "2378"]
[Annotator "NA"]
[PlyCount "64"]
[EventDate "2018.12.30"]
[EventType "swiss"]
[EventCountry "IND"]
[SourceTitle "playchess.com"]
[Source "ChessBase"]
[SourceQuality "1"]
[TimeControl "40/5400+30:1800+30"]

1. d4 Nf6 2. c4 g6 3. f3 c5 4. d5 Bg7 5. e4 d6 6. Nc3 O-O 7. Nge2 e6 8. Ng3 exd5 9. cxd5 a6 10. a4 h5 11. Bg5 {[%emt 0:09:56]} Nbd7 {[%emt 0:01:20]} 12. Qd2 {[%emt 0:00:31]} h4 {[%emt 0:00:53]} 13. Nge2 {[%emt 0:07:34]} h3 {[%emt 0:00:12]} 14. g4 {[%emt 0:15:22]} Ne5 {[%emt 0:00:33]} 15. Ng1 {[%emt 0:00:11]} Bd7 {[%emt 0:06:08]} 16. f4 {[%emt 0:10:57]} Nexg4 {[%emt 0:01:18]} 17. Bxh3 {[%emt 0:01:13]} b5 {[%emt 0:04:51]} 18. Bg2 {[%emt 0:10:30]} b4 {[%emt 0:02:29]} 19. Nce2 {[%emt 0:01:19]} Qe8 {[%emt 0:00:49]} 20. Qd3 {[%emt 0:04:04]} c4 {[%emt 0:02:15]} 21. Qf3 {[%emt 0:00:57]} Nh7 {[%emt 0:01:42]} 22. Bh4 {[%emt 0:03:40]} f5 {[%emt 0:00:54]} 23. Rc1 {[%emt 0:01:23]} Rc8 {[%emt 0:01:58]} 24. b3 {[%emt 0:01:43]} cxb3 {[%emt 0:01:54]} 25. Rxc8 {[%emt 0:00:07]} b2 {[%emt 0:00:57]} 26. Qd3 {[%emt 0:01:56]} Qxc8 {[%emt 0:00:17]} 27. Nh3 {[%emt 0:01:01]} Qc1+ {[%emt 0:00:29]} 28. Nxc1 {[%emt 0:00:07]} bxc1=Q+ {[%emt 0:00:06]} 29. Ke2 {[%emt 0:00:15]} Qb2+ {[%emt 0:00:15]} 30. Qd2 {[%emt 0:00:08]} Rc8 {[%emt 0:00:48]} 31. Qxb2 {[%emt 0:00:40]} Bxb2 {[%emt 0:00:06]} 32. Kd3 {[%emt 0:01:12]} Bxa4 {[%emt 0:00:21] Kd4} 0-1

[Event "IIFL Wealth 4th Mumbai GM"]
[Site "Mumbai"]
[Date "2018.12.30"]
[Round "1"]
[White "Prajesh R"]
[Black "Anuj Shrivatri"]
[Result "0-1"]
[WhiteElo "2102"]
[BlackElo "2357"]
[Annotator "NA"]
[PlyCount "73"]
[EventDate "2018.12.30"]
[EventType "swiss"]
[EventCountry "IND"]
[SourceTitle "playchess.com"]
[Source "ChessBase"]
[SourceQuality "1"]
[TimeControl "40/5400+30:1800+30"]

1. d4 {[%emt 0:00:00]} Nf6 {[%emt 0:00:00]} 2. c4 {[%emt 0:00:06]} g6 {[%emt 0:00:00]} 3. Nc3 {[%emt 0:00:03]} Bg7 {[%emt 0:00:00]} 4. e4 {[%emt 0:00:05]} d6 {[%emt 0:00:00]} 5. Nf3 {[%emt 0:00:05]} O-O {[%emt 0:00:00]} 6. Be2 {[%emt 0:00:04]} Na6 {[%emt 0:00:04]} 7. Bf4 {[%emt 0:03:53]} Nh5 {[%emt 0:06:41]} 8. Qd2 {[%emt 0:00:40]} Nxf4 {[%emt 0:01:19]} 9. Qxf4 {[%emt 0:00:04]} Qe8 {[%emt 0:07:27]} 10. c5 e5 {[%emt 0:12:35]} 11. dxe5 {[%emt 0:17:04]} dxe5 {[%emt 0:09:00]} 12. Qe3 {[%emt 0:22:04]} Qc6 {[%emt 0:13:03]} 13. Bxa6 {[%emt 0:15:33]} Qxa6 {[%emt 0:00:50]} 14. Qe2 {[%emt 0:04:05]} b6 {[%emt 0:09:31]} 15. Qxa6 {[%emt 0:20:08]} Bxa6 {[%emt 0:00:57]} 16. O-O-O {[%emt 0:00:12]} bxc5 {[%emt 0:12:30]} 17. Rd5 {[%emt 0:03:03]} f5 {[%emt 0:01:46]} 18. Re1 {[%emt 0:03:07]} Rad8 {[%emt 0:01:50]} 19. exf5 {[%emt 0:02:15]} Rxd5 {[%emt 0:03:55]} 20. Nxd5 {[%emt 0:00:13]} Bb7 {[%emt 0:00:14]} 21. Rd1 {[%emt 0:05:01]} e4 {[%emt 0:01:52]} 22. Ng5 {[%emt 0:00:21]} Bh6 {[%emt 0:08:12]} 23. h4 {[%emt 0:00:01]} Bxd5 {[%emt 0:02:51]} 24. Rxd5 {[%emt 0:00:02]} Rxf5 {[%emt 0:00:09]} 25. Rd8+ {[%emt 0:00:26]} Kg7 {[%emt 0:00:11]} 26. Rd7+ {[%emt 0:01:35]} Kf6 {[%emt 0:00:10]} 27. Kd1 {[%emt 0:02:36]} Bxg5 {[%emt 0:00:19]} 28. hxg5+ {[%emt 0:00:01]} Rxg5 {[%emt 0:00:39]} 29. Rxh7 {[%emt 0:00:02]} Rxg2 {[%emt 0:00:30]} 30. Ke2 {[%emt 0:00:09]} Rg1 {[%emt 0:00:55]} 31. Rxc7 {[%emt 0:01:00]} Rb1 {[%emt 0:00:13]} 32. Rc6+ {[%emt 0:01:07]} Ke5 {[%emt 0:03:25]} 33. Rxc5+ {[%emt 0:00:08]} Kf4 {[%emt 0:00:05]} 34. Rc2 {[%emt 0:01:13]} a5 {[%emt 0:00:04]} 35. b3 {[%emt 0:00:27]} g5 {[%emt 0:00:04]} 36. Rd2 {[%emt 0:00:31]} g4 {[%emt 0:00:52]} 37. Rc2 {[%emt 0:00:03]} 0-1

[Event "IIFL Wealth 4th Mumbai GM"]
[Site "Mumbai"]
[Date "2018.12.30"]
[Round "1"]
[White "Nayem, Haque"]
[Black "Tran, Minh Thang"]
[Result "0-1"]
[WhiteElo "2083"]
[BlackElo "2342"]
[Annotator "NA"]
[PlyCount "78"]
[EventDate "2018.12.30"]
[EventType "swiss"]
[EventCountry "IND"]
[SourceTitle "playchess.com"]
[Source "ChessBase"]
[SourceQuality "1"]
[TimeControl "40/5400+30:1800+30"]

1. e3 {[%emt 0:00:00]} b6 {[%emt 0:00:02]} 2. Nf3 {[%emt 0:00:23]} Bb7 {[%emt 0:00:10]} 3. d4 {[%emt 0:00:17]} Nf6 {[%emt 0:00:18]} 4. c4 {[%emt 0:00:42]} g6 {[%emt 0:00:20]} 5. Nc3 {[%emt 0:00:22]} Bg7 {[%emt 0:00:07]} 6. Bd3 {[%emt 0:00:33]} d6 {[%emt 0:00:30]} 7. e4 {[%emt 0:02:21]} O-O {[%emt 0:00:41]} 8. Bg5 {[%emt 0:00:28]} Nbd7 {[%emt 0:01:25]} 9. O-O {[%emt 0:03:31]} a6 {[%emt 0:03:47]} 10. Qe2 {[%emt 0:06:44]} c5 {[%emt 0:00:55]} 11. d5 {[%emt 0:00:29]} Ng4 {[%emt 0:00:08]} 12. h3 {[%emt 0:01:23]} Nge5 {[%emt 0:00:08]} 13. Nxe5 {[%emt 0:01:52]} Nxe5 {[%emt 0:05:29]} 14. f4 {[%emt 0:07:45]} Nxd3 {[%emt 0:01:15]} 15. Qxd3 {[%emt 0:00:02]} b5 {[%emt 0:00:20]} 16. Rfe1 {[%emt 0:05:49]} bxc4 {[%emt 0:01:39]} 17. Qg3 {[%emt 0:00:19]} Rb8 {[%emt 0:02:14]} 18. Qh4 {[%emt 0:08:29]} Bd4+ {[%emt 0:05:41]} 19. Kh1 {[%emt 0:00:15]} f6 {[%emt 0:00:13]} 20. Bh6 {[%emt 0:00:21]} Rf7 {[%emt 0:00:06]} 21. Re2 {[%emt 0:03:07]} Qa5 {[%emt 0:14:23]} 22. Rc1 {[%emt 0:05:22]} Bc8 {[%emt 0:02:50]} 23. Qg3 {[%emt 0:02:03]} Kh8 {[%emt 0:02:46]} 24. e5 {[%emt 0:03:22]} Bf5 {[%emt 0:00:12]} 25. e6 {[%emt 0:22:33]} Rg7 {[%emt 0:00:06]} 26. Bxg7+ {[%emt 0:00:15]} Kxg7 {[%emt 0:00:11]} 27. Qf3 {[%emt 0:00:30]} Bd3 {[%emt 0:01:15]} 28. Rd2 {[%emt 0:00:47]} Rb4 {[%emt 0:05:34]} 29. b3 {[%emt 0:06:32]} Bxc3 {[%emt 0:00:57]} 30. Rxc3 {[%emt 0:03:41]} cxb3 {[%emt 0:00:05]} 31. a3 {[%emt 0:12:55]} b2 {[%emt 0:01:14]} 32. axb4 {[%emt 0:00:18]} b1=Q+ {[%emt 0:00:15]} 33. Rd1 {[%emt 0:00:01]} Qbxb4 {[%emt 0:01:04]} 34. Rcxd3 {[%emt 0:00:20]} c4 {[%emt 0:01:15]} 35. Rd4 {[%emt 0:01:49]} Qb3 {[%emt 0:00:05]} 36. Qf1 {[%emt 0:01:42]} c3 {[%emt 0:00:10]} 37. Rc1 {[%emt 0:00:13]} c2 {[%emt 0:00:30]} 38. Qf2 {[%emt 0:00:44]} Qb1 {[%emt 0:00:14]} 39. Qg1 {[%emt 0:00:40]} Qaa1 {[%emt 0:00:06]} 0-1

[Event "IIFL Wealth 4th Mumbai GM"]
[Site "Mumbai"]
[Date "2018.12.30"]
[Round "1"]
[White "Thipsay, Bagyashree Sathe"]
[Black "Siva Mahadevan"]
[Result "1/2-1/2"]
[WhiteElo "2028"]
[BlackElo "2333"]
[Annotator "NA"]
[PlyCount "85"]
[EventDate "2018.12.30"]
[EventType "swiss"]
[EventCountry "IND"]
[SourceTitle "playchess.com"]
[Source "ChessBase"]
[SourceQuality "1"]
[TimeControl "40/5400+30:1800+30"]

1. e4 {[%emt 0:00:00]} c5 {[%emt 0:00:00]} 2. Nf3 {[%emt 0:00:00]} d6 {[%emt 0:00:00]} 3. d4 {[%emt 0:00:00]} cxd4 {[%emt 0:00:11]} 4. Qxd4 {[%emt 0:00:00]} Nc6 {[%emt 0:00:23]} 5. Bb5 {[%emt 0:00:00]} Bd7 {[%emt 0:00:18]} 6. Qd3 {[%emt 0:00:05]} g6 {[%emt 0:01:00]} 7. c4 {[%emt 0:02:05]} Bg7 {[%emt 0:00:26]} 8. O-O {[%emt 0:00:28]} Nf6 {[%emt 0:00:32]} 9. Nc3 {[%emt 0:00:06]} O-O {[%emt 0:01:31]} 10. h3 {[%emt 0:01:53]} Rc8 {[%emt 0:03:46]} 11. Be3 {[%emt 0:05:21]} a6 {[%emt 0:02:10]} 12. Bxc6 {[%emt 0:00:33]} Bxc6 {[%emt 0:00:32]} 13. Rac1 {[%emt 0:02:36]} Nd7 {[%emt 0:29:18]} 14. Nd4 {[%emt 0:00:49]} e6 {[%emt 0:10:54]} 15. Rfd1 {[%emt 0:06:41]} Qe7 {[%emt 0:01:33]} 16. Qe2 {[%emt 0:06:08]} f5 {[%emt 0:12:24]} 17. Nxc6 {[%emt 0:07:22]} Rxc6 {[%emt 0:04:33]} 18. exf5 {[%emt 0:05:04]} gxf5 {[%emt 0:01:12]} 19. Bd4 {[%emt 0:01:36]} e5 {[%emt 0:07:49]} 20. Nd5 {[%emt 0:04:40]} Qf7 {[%emt 0:03:41]} 21. Bc3 {[%emt 0:00:42]} f4 {[%emt 0:06:51]} 22. f3 {[%emt 0:01:56]} Nf6 {[%emt 0:01:49]} 23. Nxf6+ {[%emt 0:00:54]} Bxf6 {[%emt 0:00:29]} 24. Rd5 {[%emt 0:00:30]} Rfc8 {[%emt 0:00:58]} 25. Qd3 {[%emt 0:02:22]} Be7 {[%emt 0:05:06]} 26. b3 {[%emt 0:00:09]} b5 {[%emt 0:01:58]} 27. Bb2 {[%emt 0:03:38]} Qg6 {[%emt 0:01:49]} 28. Qe2 {[%emt 0:01:20]} bxc4 {[%emt 0:01:11]} 29. bxc4 {[%emt 0:01:01]} Bd8 {[%emt 0:01:02]} 30. c5 {[%emt 0:03:20]} Rxc5 {[%emt 0:00:39]} 31. Rdxc5 {[%emt 0:02:52]} Bb6 {[%emt 0:00:48]} 32. Qxa6 {[%emt 0:00:38]} Bxc5+ {[%emt 0:00:07]} 33. Kh1 {[%emt 0:00:06]} Re8 {[%emt 0:00:37]} 34. Ba3 {[%emt 0:03:02]} Bxa3 {[%emt 0:00:48]} 35. Qxa3 {[%emt 0:00:02]} d5 {[%emt 0:00:29]} 36. Qb3 {[%emt 0:01:26]} Rd8 {[%emt 0:00:15]} 37. Rc7 {[%emt 0:01:40]} Kh8 {[%emt 0:00:30]} 38. Qb2 {[%emt 0:01:01]} d4 {[%emt 0:00:47]} 39. Qb5 {[%emt 0:04:11]} Qg5 {[%emt 0:00:27]} 40. Qb7 {[%emt 0:00:00]} Qg6 {[%emt 0:00:00]} 41. Qb5 {[%emt 0:13:44]} Qd6 {[%emt 0:07:32]} 42. Qb7 {[%emt 0:00:15]} Qg6 {[%emt 0:00:22]} 43. Qb5 {[%emt 0:00:09]} 1/2-1/2

[Event "IIFL Wealth 4th Mumbai GM"]
[Site "Mumbai"]
[Date "2018.12.30"]
[Round "1"]
[White "Chowdhury, Sohel"]
[Black "Srihari L R"]
[Result "0-1"]
[WhiteElo "2012"]
[BlackElo "2316"]
[Annotator "NA"]
[PlyCount "71"]
[EventDate "2018.12.30"]
[EventType "swiss"]
[EventCountry "IND"]
[SourceTitle "playchess.com"]
[Source "ChessBase"]
[SourceQuality "1"]
[TimeControl "40/5400+30:1800+30"]

1. e4 {[%emt 0:00:00]} g6 {[%emt 0:00:00]} 2. Nc3 {[%emt 0:00:09]} Bg7 {[%emt 0:02:59]} 3. g3 {[%emt 0:00:27]} e5 {[%emt 0:02:34]} 4. Bg2 {[%emt 0:01:13]} c6 {[%emt 0:01:05]} 5. d3 {[%emt 0:00:39]} Ne7 {[%emt 0:00:27]} 6. f4 {[%emt 0:05:30]} d6 {[%emt 0:11:36]} 7. Nh3 {[%emt 0:06:58]} O-O {[%emt 0:02:25]} 8. O-O {[%emt 0:00:16]} f5 {[%emt 0:06:08]} 9. Kh1 {[%emt 0:10:47]} h6 {[%emt 0:02:55]} 10. Nf2 {[%emt 0:10:34]} Na6 {[%emt 0:07:00]} 11. Qe2 {[%emt 0:04:48]} Nc7 {[%emt 0:02:15]} 12. Bd2 {[%emt 0:02:10]} a5 {[%emt 0:08:49]} 13. exf5 {[%emt 0:06:28]} gxf5 {[%emt 0:10:05]} 14. Rae1 {[%emt 0:05:33]} Ne6 {[%emt 0:03:23]} 15. Nh3 {[%emt 0:02:33]} Bd7 {[%emt 0:01:02]} 16. Qd1 {[%emt 0:06:54]} b5 {[%emt 0:05:23]} 17. Qc1 {[%emt 0:05:26]} Kh7 {[%emt 0:01:56]} 18. Ne2 {[%emt 0:00:49]} Ng6 {[%emt 0:09:38]} 19. Neg1 {[%emt 0:01:18]} c5 {[%emt 0:03:13]} 20. b3 {[%emt 0:08:56]} c4 {[%emt 0:02:43]} 21. Qd1 {[%emt 0:02:20]} cxd3 {[%emt 0:02:26]} 22. cxd3 {[%emt 0:00:02]} Rc8 {[%emt 0:00:11]} 23. Nf3 {[%emt 0:02:16]} b4 {[%emt 0:00:40]} 24. Rf2 {[%emt 0:08:15]} Kg8 {[%emt 0:01:05]} 25. Rfe2 {[%emt 0:01:19]} Qc7 {[%emt 0:02:10]} 26. Be3 {[%emt 0:04:18]} Bb5 {[%emt 0:01:31]} 27. fxe5 {[%emt 0:01:31]} dxe5 {[%emt 0:00:19]} 28. Rd2 {[%emt 0:01:23]} Rfd8 {[%emt 0:03:18]} 29. Nhg1 {[%emt 0:00:56]} Nc5 {[%emt 0:03:58]} 30. Bf1 {[%emt 0:00:39]} Qd7 {[%emt 0:01:44]} 31. Bxc5 {[%emt 0:00:11]} Rxc5 {[%emt 0:00:09]} 32. d4 {[%emt 0:00:31]} exd4 {[%emt 0:00:15]} 33. Bxb5 {[%emt 0:00:07]} Rxb5 {[%emt 0:00:22]} 34. Nxd4 {[%emt 0:00:53]} Bxd4 {[%emt 0:00:00]} 35. Rxd4 {[%emt 0:00:30]} Qb7+ {[%emt 0:00:00]} 36. Nf3 {[%emt 0:00:30]} 0-1

[Event "IIFL Wealth 4th Mumbai GM"]
[Site "Mumbai"]
[Date "2018.12.30"]
[Round "1"]
[White "Triton, Maxime"]
[Black "Kathmale, Sameer"]
[Result "0-1"]
[WhiteElo "1937"]
[BlackElo "2312"]
[Annotator "NA"]
[PlyCount "56"]
[EventDate "2018.12.30"]
[EventType "swiss"]
[EventCountry "IND"]
[SourceTitle "playchess.com"]
[Source "ChessBase"]
[SourceQuality "1"]
[TimeControl "40/5400+30:1800+30"]

1. e4 {[%emt 0:00:00]} c6 {[%emt 0:00:00]} 2. Nc3 {[%emt 0:00:00]} d5 {[%emt 0:00:00]} 3. Qe2 {[%emt 0:00:06]} dxe4 {[%emt 0:03:50]} 4. Nxe4 {[%emt 0:00:17]} Nf6 {[%emt 0:00:09]} 5. Nf3 {[%emt 0:02:32]} Nxe4 {[%emt 0:01:32]} 6. Qxe4 {[%emt 0:00:09]} Qd5 {[%emt 0:00:14]} 7. Qxd5 {[%emt 0:03:51]} cxd5 {[%emt 0:00:03]} 8. d4 {[%emt 0:02:26]} Nc6 {[%emt 0:00:26]} 9. c3 {[%emt 0:01:37]} a6 {[%emt 0:01:28]} 10. Bf4 {[%emt 0:03:42]} Bf5 {[%emt 0:03:06]} 11. Kd2 {[%emt 0:11:12]} f6 {[%emt 0:01:36]} 12. Bd3 {[%emt 0:06:08]} Bg4 {[%emt 0:09:03]} 13. Rhe1 {[%emt 0:12:58]} Kf7 {[%emt 0:02:32]} 14. Re3 {[%emt 0:03:14]} g5 {[%emt 0:01:55]} 15. Bg3 {[%emt 0:03:03]} h5 {[%emt 0:07:52]} 16. Kd1 {[%emt 0:22:51]} h4 {[%emt 0:15:04]} 17. Bc7 {[%emt 0:00:21]} h3 {[%emt 0:00:51]} 18. g3 {[%emt 0:06:38]} Bh6 {[%emt 0:03:10]} 19. Be2 {[%emt 0:01:42]} Bf5 {[%emt 0:00:27]} 20. g4 {[%emt 0:02:48]} Bxg4 {[%emt 0:01:24]} 21. Ne5+ {[%emt 0:04:34]} Nxe5 {[%emt 0:00:20]} 22. dxe5 {[%emt 0:00:13]} Bxe2+ {[%emt 0:02:40]} 23. Rxe2 {[%emt 0:00:06]} Rac8 {[%emt 0:00:55]} 24. Bb6 {[%emt 0:01:52]} g4 {[%emt 0:00:20]} 25. Be3 {[%emt 0:02:21]} Bxe3 {[%emt 0:01:32]} 26. Rxe3 {[%emt 0:00:05]} f5 {[%emt 0:00:14]} 27. Kd2 {[%emt 0:01:53]} Ke6 {[%emt 0:02:59]} 28. Rae1 {[%emt 0:00:42]} Rc4 {[%emt 0:00:36]} 0-1

[Event "IIFL Wealth 4th Mumbai GM"]
[Site "Mumbai"]
[Date "2018.12.30"]
[Round "1"]
[White "Lama, Milan"]
[Black "Srijit Paul"]
[Result "0-1"]
[WhiteElo "1897"]
[BlackElo "2298"]
[Annotator "NA"]
[PlyCount "94"]
[EventDate "2018.12.30"]
[EventType "swiss"]
[EventCountry "IND"]
[SourceTitle "playchess.com"]
[Source "ChessBase"]
[SourceQuality "1"]
[TimeControl "40/5400+30:1800+30"]

1. e4 {[%emt 0:00:00]} Nf6 {[%emt 0:00:00]} 2. e5 {[%emt 0:00:19]} Nd5 {[%emt 0:00:00]} 3. Nf3 {[%emt 0:00:51]} Nb6 {[%emt 0:00:00]} 4. d4 {[%emt 0:01:32]} d5 {[%emt 0:00:00]} 5. Bd3 {[%emt 0:02:47]} Bg4 {[%emt 0:00:05]} 6. Be3 {[%emt 0:01:31]} e6 {[%emt 0:01:04]} 7. c3 {[%emt 0:03:28]} c5 {[%emt 0:01:34]} 8. a4 {[%emt 0:07:36]} cxd4 {[%emt 0:01:01]} 9. cxd4 {[%emt 0:00:22]} Nc6 {[%emt 0:01:03]} 10. Nc3 {[%emt 0:08:28]} Nc4 {[%emt 0:01:54]} 11. Qe2 {[%emt 0:07:30]} Bxf3 {[%emt 0:05:37]} 12. gxf3 {[%emt 0:00:54]} N4a5 {[%emt 0:07:27]} 13. Rd1 {[%emt 0:10:52]} a6 {[%emt 0:03:50]} 14. f4 {[%emt 0:01:54]} g6 {[%emt 0:00:51]} 15. h4 {[%emt 0:06:07]} Nb3 {[%emt 0:01:01]} 16. Bb1 {[%emt 0:04:00]} Qb6 {[%emt 0:02:32]} 17. Qd3 {[%emt 0:07:15]} h5 {[%emt 0:03:21]} 18. Kf1 {[%emt 0:02:51]} Nba5 {[%emt 0:03:04]} 19. Qc2 {[%emt 0:03:03]} Nc4 {[%emt 0:00:51]} 20. Ba2 {[%emt 0:07:02]} Nb4 {[%emt 0:00:47]} 21. Qb1 {[%emt 0:00:40]} Nxa2 {[%emt 0:01:15]} 22. Qxa2 {[%emt 0:00:11]} Rc8 {[%emt 0:00:05]} 23. Rb1 {[%emt 0:04:23]} Be7 {[%emt 0:01:31]} 24. Kg2 {[%emt 0:04:17]} Rc6 {[%emt 0:01:27]} 25. Kg3 {[%emt 0:03:57]} Kd7 {[%emt 0:00:09]} 26. Rhd1 {[%emt 0:02:54]} Rhc8 {[%emt 0:00:50]} 27. Bc1 {[%emt 0:01:04]} Bb4 {[%emt 0:02:05]} 28. Rd3 {[%emt 0:01:42]} Ke8 {[%emt 0:01:57]} 29. f3 {[%emt 0:01:36]} Qd8 {[%emt 0:00:10]} 30. Rd1 {[%emt 0:01:19]} Na5 {[%emt 0:06:06]} 31. Bd2 {[%emt 0:00:22]} Rc4 {[%emt 0:00:07]} 32. Be1 {[%emt 0:01:13]} Nc6 {[%emt 0:03:05]} 33. Bf2 {[%emt 0:00:47]} Ne7 {[%emt 0:01:12]} 34. Rd3 {[%emt 0:01:41]} Nf5+ {[%emt 0:00:10]} 35. Kh3 {[%emt 0:00:10]} Be7 {[%emt 0:00:07]} 36. Ne2 {[%emt 0:01:48]} Bxh4 {[%emt 0:03:49]} 37. Ng3 {[%emt 0:00:27]} Bxg3 {[%emt 0:00:22]} 38. Bxg3 {[%emt 0:00:07]} Qa5 {[%emt 0:00:49]} 39. b3 {[%emt 0:01:42]} Rc2 {[%emt 0:00:25]} 40. Rb2 {[%emt 0:00:00]} Rc1 {[%emt 0:00:00]} 41. Bf2 {[%emt 0:06:35]} R8c3 {[%emt 0:00:30]} 42. Rbd2 {[%emt 0:01:58]} Qc7 {[%emt 0:01:05]} 43. a5 {[%emt 0:04:25]} Kf8 {[%emt 0:03:36]} 44. Qa4 {[%emt 0:02:18]} Kg7 {[%emt 0:00:13]} 45. Qb4 {[%emt 0:00:22]} Rxd3 {[%emt 0:00:07]} 46. Rxd3 {[%emt 0:00:11]} Rh1+ {[%emt 0:00:06]} 47. Kg2 {[%emt 0:00:49]} Qc1 {[%emt 0:00:06]} 0-1

[Event "IIFL Wealth 4th Mumbai GM"]
[Site "Mumbai"]
[Date "2018.12.30"]
[Round "1"]
[White "Arya Nirag Shah"]
[Black "Konguvel, Ponnuswamy"]
[Result "0-1"]
[WhiteElo "1812"]
[BlackElo "2282"]
[Annotator "NA"]
[PlyCount "64"]
[EventDate "2018.12.30"]
[EventType "swiss"]
[EventCountry "IND"]
[SourceTitle "playchess.com"]
[Source "ChessBase"]
[SourceQuality "1"]
[TimeControl "40/5400+30:1800+30"]

1. d4 {[%emt 0:00:00]} d6 {[%emt 0:00:00]} 2. e4 {[%emt 0:00:32]} g6 {[%emt 0:00:03]} 3. Nc3 {[%emt 0:00:56]} Bg7 {[%emt 0:00:06]} 4. f4 {[%emt 0:00:13]} a6 {[%emt 0:00:20]} 5. Nf3 {[%emt 0:01:10]} b5 {[%emt 0:00:40]} 6. a3 {[%emt 0:00:51]} Nd7 {[%emt 0:00:42]} 7. Be2 {[%emt 0:02:20]} Bb7 {[%emt 0:02:39]} 8. O-O {[%emt 0:02:31]} Ngf6 {[%emt 0:03:41]} 9. e5 {[%emt 0:05:02]} Nd5 {[%emt 0:00:31]} 10. Nxd5 {[%emt 0:00:50]} Bxd5 {[%emt 0:00:04]} 11. a4 {[%emt 0:11:22]} Rb8 {[%emt 0:19:18]} 12. axb5 {[%emt 0:04:14]} axb5 {[%emt 0:00:08]} 13. b3 {[%emt 0:13:08]} b4 {[%emt 0:01:58]} 14. Bb2 {[%emt 0:05:04]} O-O {[%emt 0:00:34]} 15. Ne1 {[%emt 0:04:24]} e6 {[%emt 0:06:06]} 16. Qd2 {[%emt 0:02:13]} dxe5 {[%emt 0:06:39]} 17. fxe5 {[%emt 0:02:18]} c5 {[%emt 0:00:23]} 18. Nd3 {[%emt 0:04:00]} Qb6 {[%emt 0:16:30]} 19. Nxc5 {[%emt 0:16:01]} Nxc5 {[%emt 0:00:56]} 20. dxc5 {[%emt 0:00:06]} Qxc5+ {[%emt 0:00:06]} 21. Bd4 {[%emt 0:00:46]} Qc7 {[%emt 0:00:49]} 22. Ra7 {[%emt 0:01:40]} Rb7 {[%emt 0:01:32]} 23. Rxb7 {[%emt 0:02:25]} Qxb7 {[%emt 0:01:10]} 24. Bd3 {[%emt 0:10:16]} Rd8 {[%emt 0:03:00]} 25. Qf2 {[%emt 0:02:30]} Bxg2 {[%emt 0:11:58]} 26. Ra1 {[%emt 0:01:51]} Qd7 {[%emt 0:08:10]} 27. Bb6 {[%emt 0:01:03]} Ra8 {[%emt 0:00:31]} 28. Rxa8+ {[%emt 0:02:50]} Bxa8 {[%emt 0:00:05]} 29. Bd4 {[%emt 0:01:44]} Qd5 {[%emt 0:01:09]} 30. Kf1 {[%emt 0:00:04]} Bxe5 {[%emt 0:00:28]} 31. Bxe5 {[%emt 0:00:14]} Qxe5 {[%emt 0:00:06]} 32. Qb6 {[%emt 0:01:08]} Qf4+ {[%emt 0:02:10]} 0-1